| 000 | 01204nam a22002417a 4500 | ||
|---|---|---|---|
| 005 | 20090304125614.0 | ||
| 010 | _a | ||
| 020 |
_c125.00 _a8173153086 |
||
| 035 | _a | ||
| 035 | _aA-995259 | ||
| 037 | _bDBAD / PUB | ||
| 037 | _bप्रभात प्रकाशन/ PUB | ||
| 082 | _a398.2 | ||
| 100 |
_aमिश्र, विद्यानिवास _945838 |
||
| 245 |
_aलोक और लोक का स्वर / _cविद्यानिवास मिश्र |
||
| 246 |
_aLoka aura loka kaa swara _bby Vidyaniwas Mishra |
||
| 260 |
_aदिल्ली _bप्रभात प्रकाशन _c2000 |
||
| 270 |
_a4/19, आसफ अली रोड़, _bनई दिल्ली _e110 002 |
||
| 300 |
_a124पृ.. _c22सेमी (सजिल्द) |
||
| 942 |
_2ddc _cHN _mमिश्रवि _h398.2 |
||
| 999 |
_c65694 _d65694 |
||